00720 a2200205 450000100060000002000180000604000240002410000160004824000270006424500220009130000070011336200090012044000180012965000310014794200070017895201150018595201050030095200920040599900170049715311 a9788506069998 cAnchieta - Aquarius aIrace, Pina10aO soluço do sollpor10aO soluço do sol a350 a2017 1aMelhoramentos 4aLiteratura infanto-juvenil cBK 00104070a87.1bCPLd2023-11-21l1o028.5 IRA SOLp7478/AQUr2023-11-21 15:25:33s2023-11-21w2023-11-21yBK 00104070a88.1b88.1d2023-11-22l0oLI 028.5 I651sp7265/CSPr2023-11-22 14:33:08w2023-11-22yBK 00104070a80.1b80.1d2024-02-09l0oIRApA13497r2024-02-09 21:18:31w2024-02-09yBK c15311d15311